000 00575cam a22002053a 4500
001 33393
003 PGUSA
005 20140828083724.0
008 101123s2010||||xxu|||||s|||||000 | eng d
040 _aPGUSA
_beng
042 _adc
100 1 _aPhelps, Elizabeth Stuart,
_d1844-1911
245 1 0 _aAvery
_h[electronic resource] /
_cElizabeth Stuart Phelps
260 _bProject Gutenberg,
_c2010
506 _aPublic domain in the USA.
516 _aElectronic text
830 0 _aProject Gutenberg
_v33393
856 4 0 _uhttp://www.gutenberg.org/ebooks/33393
942 _cEB
999 _c262648
_d262648